| 000 | 00477nam a2200181Ia 4500 | ||
|---|---|---|---|
| 001 | 3963 | ||
| 005 | 20260306145721.0 | ||
| 008 | 260306t2018||||xx |||||||||||||| ||spa|| | ||
| 041 | _aESP | ||
| 082 |
_a306 _bCH554 |
||
| 100 |
_aChinchilla, Nuria _eAUT |
||
| 245 | 0 |
_aDueños de nuestro destino: _bcómo conciliar la vida profesional, familiar y personal |
|
| 260 | _c2018 | ||
| 300 |
_a323 páginas : _c23 cm. |
||
| 650 | _aGEN | ||
| 654 | _aCHU | ||
| 942 |
_cLIB _dJUS _fJUS _2ddc _n |
||
| 999 |
_c3963 _d3963 |
||